Normal view MARC view
  • Ahmed, Afaq

Entry Personal Name

Number of records used in: 2

001 - CONTROL NUMBER

  • control field: 120252

003 - CONTROL NUMBER IDENTIFIER

  • control field: NUST

005 - DATE AND TIME OF LATEST TRANSACTION

  • control field: 20240202101124.0

008 - FIXED-LENGTH DATA ELEMENTS

  • fixed length control field: 240202|| aca||aabn | a|a d

040 ## - CATALOGING SOURCE

  • Original cataloging agency: NUST
  • Transcribing agency: NUST

100 ## - HEADING--PERSONAL NAME

  • Personal name: Ahmed, Afaq

670 ## - SOURCE DATA FOUND

  • Source citation: Work cat.: (NUST): Ahmed, Afaq, IMPACT OF SOCAL MEDIA ON UNIVERSITY STUDENTS; EXAMINING THE RELATIONSHIP BETWEEN SOCIAL MEDIA USAGE AND LONELINESS/
© 2023 Central Library, National University of Sciences and Technology. All Rights Reserved.